[Event "Krefeld Christmas op"]
[Site "Krefeld"]
[Date "2024.12.28"]
[Round "2"]
[White "Schlenkert, Ralf"]
[Black "Biessner, Eberhard"]
[Result "0-1"]
[WhiteElo "1587"]
[BlackElo "1777"]
[PlyCount "104"]
[EventDate "2024.12.27"]
[EventType "swiss"]
[EventRounds "7"]
[EventCountry "GER"]
[SourceTitle "CB01_2025"]
[SourceDate "2025.01.01"]
[SourceVersion "1"]
[SourceVersionDate "2025.01.01"]
[SourceQuality "1"]

1. e4 e5 2. d3 Nf6 3. Nf3 Nc6 4. g3 Bc5 5. Bg2 d6 6. 0-0 Bg4 7. h3 Bh5 8. c3 0-0 9. b4 Bb6 10. a4 a5 11. b5 Nb8 12. Nbd2 c6 13. Nc4 Bc7 14. Ne3 d5 15. Qc2 Bg6 16. Nh4 dxe4 17. dxe4 cxb5 18. axb5 Nbd7 19. Nef5 Re8 20. Bg5 h6 21. Bd2 b6 22. Qc1 Nc5 23. Bxh6 Nb3 24. Qe3 Bxf5 25. Nxf5 g6 26. Rad1 Qc8 27. Nh4 Nh7 28. Nf3 Bd8 29. Qd3 Nc5 30. Qc2 Qe6 31. Rd5 Bf6 32. Rfd1 Rad8 33. Be3 Rxd5 34. Rxd5 Rc8 35. c4 Qe7 36. Nd2 Nf8 37. h4 Nfe6 38. Bh3 Rc7 39. Nb3 Nxb3 40. Qxb3 Nd4 41. Bxd4 exd4 42. Qd3 Qb4 43. Qf3 Qe7 44. Qf4 Bg7 45. Bf1 a4 46. h5 gxh5 47. Rxh5 a3 48. Bd3 a2 49. Qc1 Ra7 50. Qa1 Qb4 51. Rd5 Qc3 52. Rd8+ Bf8 0-1